Democracia y socialismo (Registro nro. 5729)

Detalles MARC
000 -LEADER
fixed length control field 00819 a2200229 4500
001 - CONTROL NUMBER
control field 54704
005 - DATE AND TIME OF LATEST TRANSACTION
control field 20260407155822.0
008 - FIXED-LENGTH DATA ELEMENTS--GENERAL INFORMATION
fixed length control field 260407a1981 arg spa d
003 - CONTROL NUMBER IDENTIFIER
control field AR-UNSa-BCEJYS
040 ## - CATALOGING SOURCE
Original cataloging agency AR-UNSa-BCEJYS
Language of cataloging spa
Transcribing agency AR-UNSa-BCEJYS
080 ## - UNIVERSAL DECIMAL CLASSIFICATION NUMBER
Universal Decimal Classification number 321.7
Common auxiliary subdivision Democracia
020 ## - INTERNATIONAL STANDARD BOOK NUMBER
International Standard Book Number 968-23-1072-5
041 ## - LANGUAGE CODE
Language code of text/sound track or separate title spa
100 1# - MAIN ENTRY--PERSONAL NAME
Personal name Rosenberg, Arthur
245 10 - TITLE STATEMENT
Title Democracia y socialismo
Name of part/section of a work historia y política de los últimos ciento cincuenta años (1789-1937)
264 #1 - PRODUCTION, PUBLICATION, DISTRIBUTION, MANUFACTURE, AND COPYRIGHT NOTICE
Place of production, publication, distribution, manufacture México :
Name of producer, publisher, distributor, manufacturer Ediciones Pasado y Presente
Date of production, publication, distribution, manufacture, or copyright notice 1981
300 ## - PHYSICAL DESCRIPTION
Extent 351 p.
Dimensions 21 cm.
505 ## - FORMATTED CONTENTS NOTE
Formatted contents note I. La democracia moderna hasta Marx - II. Democracia y Marxismo.1845-1895 - III. De 1895-1937.Los partidos obreros antes de la guerra mundial
590 ## - LOCAL NOTE (RLIN)
Local note niveau_biblio:m niveau_hierar:0
700 1# - ADDED ENTRY--PERSONAL NAME
Personal name García Ruíz, Alfonso
942 ## - ADDED ENTRY ELEMENTS (KOHA)
Koha item type
Existencias
Withdrawn status Lost status Damaged status Not for loan Home library Current library Shelving location Date acquired Total checkouts Full call number Barcode Date last seen Price effective from Koha item type
        Biblioteca Prof. Eusebio Cleto del Rey Biblioteca Prof. Eusebio Cleto del Rey   07/04/2026   321.7 R813 L45646 07/04/2026 07/04/2026 Libro